Les différents maillots du cyclisme - Statistiques

Statistiques générales
  • Ce quiz a été pris 157 fois
  • Le résultat moyen est 2 sur 16
Statistiques - réponses
Par images Réponse % Correct
maillot jaune
100%
maillot rose
38%
maillot rouge
31%
maillot à pois rouge
21%
maillot arc en ciel
13%
maillot cyclamen
13%
maillot bleu
10%
maillot à pois bleu
6%
maillot blanc de la vuelta
2%
maillot blanc du giro
2%
maillot blanc du tour de france
2%
maillot champion europe
2%
maillot champion kazakhstan
2%
maillot champion luxembourg
2%
maillot vert de la vuelta
2%
maillot vert du tour de france
2%
Aucun quiz correspondant
Distribution des résultats
% des personnes avec chaque résultat
Percentile par nombre de réponses
Votre historique - résultats
Vous n’avez pas pris ce quiz